[Event "Champ FRA - Under 8"]
[Site "Europe Echecs"]
[Date "2020.07.06"]
[Round "7"]
[Time "16:47:40"]
[PlyCount "113"]
[White "DuboisSelene"]
[Black "MauryTom"]
[WhiteElo "1037"]
[BlackElo "1240"]
[Mode "WEB"]
[Result "0-1"]

1. e4 e6 2. Bc4 Nf6 3. Nc3 Nc6 4. Nf3 d5 5. O-O dxc4 6. Re1 Bb4 7. Re3 Bxc3 8.
Rxc3 Nxe4 9. Rxc4 Nf6 10. Rc3 O-O 11. Rd3 Bd7 12. c3 Ne4 13. Qc2 Nc5 14. Re3 Qe7
15. d4 Na6 16. Re1 f6 17. Bf4 e5 18. dxe5 fxe5 19. Ng5 g6 20. Qd3 Rxf4 21. Qg3
Rg4 22. Qh3 Rxg5 23. Qh4 Rxg2+ 24. Kxg2 Qxh4 25. f3 Qh3+ 26. Kg1 Qxf3 27. Rf1
Qe3+ 28. Rf2 Rf8 29. Raf1 Rxf2 30. Rxf2 Qe1+ 31. Rf1 Qe3+ 32. Rf2 Qg5+ 33. Rg2
Qc1+ 34. Kf2 Qxb2+ 35. Kg1 Qxc3 36. Rg3 Qa1+ 37. Kg2 Qxa2+ 38. Kg1 e4 39. Rg2
Qxg2+ 40. Kxg2 b5 41. Kf2 b4 42. Ke2 Nd4+ 43. Kd2 b3 44. Kc3 c5 45. Kb2 c4 46.
Kb1 Bf5 47. Kb2 Nb4 48. Kc3 e3 49. Kb2 e2 50. Kc3 e1=Q+ 51. Kxd4 Qe4+ 52. Kc3
Qd3+ 53. Kxb4 Qd6+ 54. Kxc4 b2 55. Kc3 b1=Q 56. Kc4 Qbd3# {DuboisSelene est échec et mat} 0-1

[Event "Champ FRA - Under 8"]
[Site "Europe Echecs"]
[Date "2020.07.06"]
[Round "7"]
[Time "16:47:40"]
[PlyCount "32"]
[White "CharrierMojane"]
[Black "LavissiereGene"]
[WhiteElo "1190"]
[BlackElo "920"]
[Mode "WEB"]
[Result "1-0"]

1. d4 Nc6 2. Nf3 e5 3. e3 exd4 4. exd4 d5 5. c3 Bd6 6. Bd3 Be6 7. g3 Nf6 8. Bf4
Bxf4 9. gxf4 O-O 10. Qc2 Qd6 11. Be2 Qxf4 12. Qd3 Qg4 13. Bd1 Qg2 14. Ke2 Qxh1
15. Bc2 Nh5 16. Qxh7# {LavissiereGene est échec et mat} 1-0

[Event "Champ FRA - Under 8"]
[Site "Europe Echecs"]
[Date "2020.07.06"]
[Round "7"]
[Time "16:47:40"]
[PlyCount "122"]
[White "CoutonTheo"]
[Black "PopThomas"]
[WhiteElo "1190"]
[BlackElo "1030"]
[Mode "WEB"]
[Result "1-0"]

1. e4 e5 2. Nf3 Nc6 3. Bc4 Nf6 4. Nc3 Bc5 5. d3 d6 6. h3 O-O 7. O-O Nd4 8. Nd5
Nxd5 9. Bxd5 Nxf3+ 10. Qxf3 c6 11. Bb3 Be6 12. c4 d5 13. Bd1 d4 14. Qg3 g6 15.
Bg5 f6 16. Bh6 Rf7 17. Bh5 Qe8 18. Bxg6 hxg6 19. Qxg6+ Kh8 20. Rfe1 Rc7 21.
Qxf6+ Kg8 22. Re2 Be7 23. Qxe6+ Kh8 24. Rae1 Bc5 25. a3 Re7 26. Qf6+ Kg8 27. b4
Bb6 28. c5 Bc7 29. Re3 Rf7 30. Qg6+ Kh8 31. Rg3 Qg8 32. Bg7+ Rxg7 33. Qh6+ Qh7
34. Qe6 Re7 35. Qf6+ Qg7 36. Rxg7 Rxg7 37. Qe6 Rf8 38. Qh6+ Rh7 39. Qg5 Rg8 40.
Qf6+ Rgg7 41. f4 exf4 42. Rf1 b5 43. Rxf4 Bxf4 44. Qxf4 Rf7 45. Qe5+ Kg8 46.
Qb8+ Rf8 47. Qg3+ Rg7 48. Qe5 Rd8 49. h4 Kf8 50. h5 Re7 51. Qh8+ Kf7 52. Qxd8
Re8 53. Qd5+ Kf8 54. h6 Ke7 55. Qe5+ Kd8 56. Qf6+ Kd7 57. h7 Kc7 58. Qf7+ Kd8
59. Qd5+ Ke7 60. Qxc6 Kf8 61. Qf6# {PopThomas est échec et mat} 1-0

[Event "Champ FRA - Under 8"]
[Site "Europe Echecs"]
[Date "2020.07.06"]
[Round "7"]
[Time "16:47:40"]
[PlyCount "72"]
[White "CorralNehamaLe"]
[Black "CassagneresCha"]
[WhiteElo "799"]
[BlackElo "1180"]
[Mode "WEB"]
[Result "1-0"]

1. e4 e5 2. Nf3 Nc6 3. Nc3 Bc5 4. Bc4 Nf6 5. O-O O-O 6. d3 h6 7. a3 d6 8. b4 Bg4
9. bxc5 Bxf3 10. Qxf3 dxc5 11. Nd5 Nxd5 12. exd5 Nd4 13. Qd1 c6 14. dxc6 bxc6
15. c3 Ne6 16. Bxe6 fxe6 17. Qg4 Qxd3 18. Qxe6+ Kh8 19. Qxe5 Rae8 20. Qh5 g6 21.
Qxh6+ Kg8 22. Bg5 Qf5 23. f3 Kf7 24. Qh7+ Ke6 25. Rae1+ Kd6 26. Rxe8 Rxe8 27.
Bh4 Qd3 28. Bg3+ Ke6 29. Qc7 Re7 30. Qxc6+ Kf7 31. Qxc5 g5 32. f4 gxf4 33. Rxf4+
Kg7 34. Qg5+ Kh8 35. Rh4+ Rh7 36. Be5# {CassagneresCha est échec et mat} 1-0

[Event "Champ FRA - Under 8"]
[Site "Europe Echecs"]
[Date "2020.07.06"]
[Round "7"]
[Time "16:47:40"]
[PlyCount "156"]
[White "GadoisMelina"]
[Black "ColinFelix"]
[WhiteElo "1150"]
[BlackElo "799"]
[Mode "WEB"]
[Result "1/2-1/2"]

1. e4 e5 2. Nf3 Nc6 3. Nc3 Nf6 4. Bb5 Bb4 5. O-O Bxc3 6. bxc3 d6 7. Re1 Bg4 8.
d3 Bxf3 9. Qxf3 Qd7 10. Bxc6 Qxc6 11. Bg5 O-O-O 12. Bxf6 gxf6 13. Qxf6 Qd7 14.
d4 exd4 15. cxd4 d5 16. exd5 Qxd5 17. Rad1 Kb8 18. Re7 Rhf8 19. c3 h5 20. Rde1
Qxa2 21. h4 Qd2 22. Ra1 Qxc3 23. Rd1 Qc2 24. Ra1 Qb2 25. Rd1 Qc2 26. Rde1 Qd2
27. R1e4 Qd3 28. Qe5 a6 29. Qxc7+ Ka7 30. Rf4 Qd1+ 31. Kh2 Rxd4 32. Rxd4 Qxd4
33. Rxf7 Rxf7 34. Qxf7 a5 35. Qa2 Qb4 36. Kg3 a4 37. Kh3 a3 38. Qa1 Qb2 39. Qg1
a2 40. f3+ Ka8 41. g4 a1=Q 42. Qxa1+ Qxa1 43. gxh5 Qh1+ 44. Kg4 Qg1+ 45. Kh3
Qf1+ 46. Kg3 b5 47. h6 Qa1 48. h7 b4 49. f4 b3 50. f5 Qc3+ 51. Kg4 b2 52. Kg5
b1=Q 53. f6 Qxf6+ 54. Kxf6 Qa1+ 55. Kg6 Qg1+ 56. Kf7 Qd4 57. Kg8 Qg4+ 58. Kf7
Qf4+ 59. Kg8 Qg4+ 60. Kf7 Qd4 61. Kg8 Qd8+ 62. Kg7 Qe7+ 63. Kg8 Qe8+ 64. Kg7
Qe7+ 65. Kg8 Qg5+ 66. Kf7 Qxh4 67. Kg7 Qd4+ 68. Kg8 Qd5+ 69. Kg7 Qc4 70. h8=Q+
Ka7 71. Qh2 Qg4+ 72. Kf6 Qd4+ 73. Kf5 Qd3+ 74. Kg4 Qd1+ 75. Kg3 Qe1+ 76. Kg2
Qd2+ 77. Kh3 Qxh2+ 78. Kxh2 {Aucun joueur n'a le mat&eacute;riel pour mater} 1/2-1/2

[Event "Champ FRA - Under 8"]
[Site "Europe Echecs"]
[Date "2020.07.06"]
[Round "7"]
[Time "16:47:40"]
[PlyCount "40"]
[White "VidalAlexandre"]
[Black "BarrialMaxence"]
[WhiteElo "1130"]
[BlackElo "799"]
[Mode "WEB"]
[Result "1-0"]

1. e4 e5 2. Nf3 f5 3. Nc3 Nf6 4. Bc4 fxe4 5. Nxe5 b6 6. Nf7 Qe7 7. Nxh8 Bb7 8.
Bf7+ Kd8 9. d3 exd3+ 10. Be3 g6 11. O-O Bg7 12. Qxd3 Ng4 13. Rad1 Bc6 14. Rfe1
Qe5 15. Bd4 Qxh2+ 16. Kf1 Bxg2+ 17. Ke2 Bxd4 18. Qxd4 Bh3 19. Kd2 Nxf2 20. Re8# {BarrialMaxence est échec et mat} 1-0

[Event "Champ FRA - Under 8"]
[Site "Europe Echecs"]
[Date "2020.07.06"]
[Round "7"]
[Time "16:47:40"]
[PlyCount "57"]
[White "DorgereLouka"]
[Black "RosuMatei"]
[WhiteElo "799"]
[BlackElo "1091"]
[Mode "WEB"]
[Result "0-1"]

1. e4 e5 2. Bc4 Nf6 3. Nf3 Nc6 4. Nc3 d6 5. Ng5 Be6 6. Bxe6 fxe6 7. d3 Qd7 8.
Nf3 d5 9. exd5 exd5 10. Bg5 d4 11. Nb5 Ng4 12. Qd2 a6 13. h3 Bb4 14. hxg4 Bxd2+
15. Nxd2 O-O 16. Na3 Qf7 17. Nac4 Qxf2+ 18. Kd1 Qxg2 19. Rf1 Rxf1+ 20. Nxf1
Qxf1+ 21. Kd2 Qxa1 22. Na5 Nxa5 23. c3 Qxb2+ 24. Ke1 Qxc3+ 25. Ke2 Rf8 26. Be7
Qc2+ 27. Ke1 Rf2 28. g5 Qd2# {DorgereLouka est échec et mat} 0-1

[Event "Champ FRA - Under 8"]
[Site "Europe Echecs"]
[Date "2020.07.06"]
[Round "7"]
[Time "16:47:40"]
[PlyCount "45"]
[White "VidalRaphael"]
[Black "SakiOmar"]
[WhiteElo "799"]
[BlackElo "1044"]
[Mode "WEB"]
[Result "0-1"]

1. e4 e5 2. Nf3 Nc6 3. Nc3 Nf6 4. Bc4 Nxe4 5. Nxe4 d5 6. Bxd5 Qxd5 7. Nc3 Qd8 8.
d3 Bf5 9. Bg5 Qd6 10. Nb5 Qg6 11. O-O Bd6 12. Nxd6+ cxd6 13. d4 exd4 14. Qe2+
Be6 15. Rfe1 O-O 16. Nh4 Qxg5 17. Nf3 Qh6 18. Qe4 f5 19. Qe2 Bd5 20. Qd1 f4 21.
Nxd4 Qg6 22. Nxc6 Qxg2# {VidalRaphael est échec et mat} 0-1

[Event "Champ FRA - Under 8"]
[Site "Europe Echecs"]
[Date "2020.07.06"]
[Round "7"]
[Time "16:47:40"]
[PlyCount "78"]
[White "SaintjoresMeli"]
[Black "SchmittVavihel"]
[WhiteElo "1100"]
[BlackElo "1020"]
[Mode "WEB"]
[Result "1-0"]

1. e4 e5 2. Nf3 Bc5 3. Nxe5 Nc6 4. Nxc6 Nf6 5. Nxd8 Kxd8 6. d3 d6 7. Bg5 h6 8.
Bxf6+ gxf6 9. d4 Bb4+ 10. c3 Ba5 11. Bc4 Rg8 12. Bxf7 Rf8 13. Bh5 Be6 14. O-O
Rg8 15. d5 Bd7 16. Qb3 Bb6 17. c4 Be8 18. Bxe8 Rxe8 19. Nc3 Kd7 20. Rfe1 Re5 21.
Rad1 h5 22. Qa4+ Ke7 23. Nb5 Rg8 24. Qc2 Reg5 25. Nd4 Rxg2+ 26. Kf1 Rxh2 27. Ke2
Rgg2 28. Rg1 Rxf2+ 29. Kd3 Rxc2 30. Nxc2 Rxc2 31. Kxc2 Bxg1 32. Rxg1 h4 33. Rh1
b6 34. Rxh4 a6 35. Rh3 c6 36. Rh7+ Ke8 37. dxc6 b5 38. c7 a5 39. c8=Q# {SchmittVavihel est échec et mat} 1-0

[Event "Champ FRA - Under 8"]
[Site "Europe Echecs"]
[Date "2020.07.06"]
[Round "7"]
[Time "16:47:40"]
[PlyCount "36"]
[White "BonnayTramoniB"]
[Black "PeuzinNoan"]
[WhiteElo "799"]
[BlackElo "1080"]
[Mode "WEB"]
[Result "1-0"]

1. e4 e5 2. Bc4 Bc5 3. Nf3 Qf6 4. O-O Qf4 5. d3 Qh6 6. Bxh6 gxh6 7. Nxe5 Nf6 8.
Nxf7 Rf8 9. Nxh6 d6 10. Nc3 Nfd7 11. Nd5 Ne5 12. Nxc7+ Kd8 13. Nxa8 Rf6 14. Ng8
Rg6 15. Bd5 Bg4 16. Qe1 Bh3 17. Qa5+ Kc8 18. Qc7# {PeuzinNoan est échec et mat} 1-0

[Event "Champ FRA - Under 8"]
[Site "Europe Echecs"]
[Date "2020.07.06"]
[Round "7"]
[Time "16:47:40"]
[PlyCount "33"]
[White "MolinesThibaut"]
[Black "CosynsThibault"]
[WhiteElo "799"]
[BlackElo "990"]
[Mode "WEB"]
[Result "0-1"]

1. e4 d5 2. Nf3 dxe4 3. Nc3 exf3 4. gxf3 Nf6 5. Bc4 Nc6 6. O-O Bf5 7. d3 e6 8.
Bg5 Bc5 9. Bxf6 Qxf6 10. Nb5 O-O-O 11. Nxa7+ Nxa7 12. a3 b6 13. b4 Bd4 14. Rb1
Bh3 15. Re1 Qg6+ 16. Kh1 Qg2# {MolinesThibaut est échec et mat} 0-1

[Event "Champ FRA - Under 8"]
[Site "Europe Echecs"]
[Date "2020.07.06"]
[Round "7"]
[Time "16:47:40"]
[PlyCount "43"]
[White "GrallKynan"]
[Black "CotterchioDant"]
[WhiteElo "1020"]
[BlackElo "1260"]
[Mode "WEB"]
[Result "0-1"]

1. e4 e5 2. Bc4 Nf6 3. Nf3 Nxe4 4. Nxe5 Qe7 5. O-O Qxe5 6. Qf3 Bc5 7. d3 d5 8.
Bg5 Qxg5 9. Qxf7+ Kxf7 10. h4 Qxh4 11. g3 Qh3 12. Nc3 Bxf2+ 13. Rxf2+ Nxf2 14.
Kxf2 dxc4 15. dxc4 Qh2+ 16. Kf3 Nd7 17. Re1 Qh5+ 18. Kf4 Qh6+ 19. Kf5 Nc5+ 20.
Re6 Bxe6+ 21. Ke5 Qf6# {GrallKynan est échec et mat} 0-1

[Event "Champ FRA - Under 8"]
[Site "Europe Echecs"]
[Date "2020.07.06"]
[Round "7"]
[Time "16:47:40"]
[PlyCount "64"]
[White "MindeHeloise"]
[Black "ChenSophie"]
[WhiteElo "1110"]
[BlackElo "800"]
[Mode "WEB"]
[Result "1-0"]

1. e4 e5 2. Bc4 Nc6 3. Nf3 Nf6 4. Nc3 Bc5 5. O-O O-O 6. d3 d6 7. Bg5 h6 8. Bxh6
gxh6 9. a3 Bg4 10. h3 Bh5 11. b4 Bb6 12. b5 Na5 13. Ba2 Qd7 14. d4 exd4 15. Nxd4
c5 16. Nf3 d5 17. exd5 Nxd5 18. Nxd5 Rad8 19. Bc4 Nxc4 20. a4 Qxd5 21. Nd2 Nxd2
22. Re1 Nc4 23. Qb1 Rd6 24. Re2 Bxe2 25. Qe1 Re8 26. a5 Bc7 27. b6 axb6 28. axb6
Bxb6 29. f3 Qe5 30. g3 Red8 31. f4 Qf6 32. Qxe2 {ChenSophie a perdu au temps} 1-0

[Event "Champ FRA - Under 8"]
[Site "Europe Echecs"]
[Date "2020.07.06"]
[Round "7"]
[Time "16:47:40"]
[PlyCount "66"]
[White "PonzeveraAlexa"]
[Black "ClaverieMartin"]
[WhiteElo "799"]
[BlackElo "810"]
[Mode "WEB"]
[Result "1/2-1/2"]

1. e4 e5 2. Nf3 Nc6 3. Bc4 Nf6 4. Ng5 Bb4 5. Nxf7 Qe7 6. Nxh8 d6 7. a3 Bg4 8. f3
Bh5 9. axb4 Nxb4 10. Ra4 Rb8 11. Rxb4 c5 12. Ra4 Qf8 13. Nf7 Bxf7 14. Bxf7+ Qxf7
15. Rxa7 Nh5 16. Nc3 Nf4 17. Rg1 Nh3 18. gxh3 Qh5 19. Rxg7 Qh6 20. Raxb7 Qxg7
21. Rxg7 Kf8 22. Rxh7 Kg8 23. Ra7 Kf8 24. d3 Ke8 25. Bg5 Rd8 26. Bxd8 Kxd8 27.
Nd5 Kc8 28. Nb6+ Kb8 29. Rh7 d5 30. exd5 e4 31. dxe4 c4 32. d6 c3 33. bxc3 {Nulle par pat} 1/2-1/2

[Event "Champ FRA - Under 8"]
[Site "Europe Echecs"]
[Date "2020.07.06"]
[Round "8"]
[Time "17:18:10"]
[PlyCount "57"]
[White "DuquesneAdrien"]
[Black "DavidianAron"]
[WhiteElo "1230"]
[BlackElo "1369"]
[Mode "WEB"]
[Result "0-1"]

1. e4 c5 2. Nf3 d6 3. Nc3 Nf6 4. d4 cxd4 5. Nxd4 g6 6. Bc4 Bg7 7. Nd5 Nxe4 8.
O-O O-O 9. Bf4 e6 10. Nc3 Nxc3 11. bxc3 d5 12. Be2 e5 13. Nf3 exf4 14. Qd3 Nc6
15. h3 a6 16. Rae1 b5 17. Bd1 Bb7 18. Nd4 Nxd4 19. cxd4 Re8 20. Qf3 Bxd4 21.
Qxf4 Qa5 22. Rxe8+ Rxe8 23. Qxd4 Qxa2 24. Qb6 Ba8 25. Bg4 Qxc2 26. Qxa6 Qc6 27.
Qa1 d4 28. Qxd4 Qxg2# {DuquesneAdrien est échec et mat} 0-1

[Event "Champ FRA - Under 8"]
[Site "Europe Echecs"]
[Date "2020.07.06"]
[Round "8"]
[Time "17:18:10"]
[PlyCount "109"]
[White "LequangEnzo"]
[Black "DeladerriereHe"]
[WhiteElo "1068"]
[BlackElo "1141"]
[Mode "WEB"]
[Result "0-1"]

1. e4 d5 2. exd5 Qxd5 3. Nc3 Qd6 4. d4 Nf6 5. Nf3 a6 6. Be3 b5 7. Be2 Bb7 8. O-O
e6 9. Qd2 Be7 10. Bf4 Qd7 11. Ne5 Qd8 12. Rad1 O-O 13. Rfe1 c5 14. dxc5 Qxd2 15.
Rxd2 Bxc5 16. Bf3 Bxf3 17. Nxf3 Nc6 18. a3 Rad8 19. Red1 h6 20. Bd6 Bxd6 21.
Rxd6 Rxd6 22. Rxd6 Rc8 23. h3 Kf8 24. Kf1 Ke7 25. Rd1 Na5 26. Rd3 Nc4 27. b3
Nxa3 28. Ne5 Nxc2 29. Rd2 Rxc3 30. Ke2 a5 31. Kd1 Nb4 32. Rb2 Nd3 33. Nxd3 Rxd3+
34. Ke2 Rd6 35. Ra2 Ra6 36. b4 Nd5 37. Rxa5 Nxb4 38. Rxb5 Ra2+ 39. Ke3 Nd5+ 40.
Kd3 Rxf2 41. Rb7+ Kd6 42. Ra7 Rxg2 43. Rxf7 Rg3+ 44. Ke2 Rxh3 45. Rxg7 h5 46.
Rh7 Ra3 47. Rxh5 Nf4+ 48. Kd2 Nxh5 49. Kc2 e5 50. Kd2 e4 51. Ke2 Nf4+ 52. Ke1 e3
53. Kd1 Rc3 54. Ke1 Rc1# {LequangEnzo est échec et mat} 0-1

[Event "Champ FRA - Under 8"]
[Site "Europe Echecs"]
[Date "2020.07.06"]
[Round "8"]
[Time "17:18:10"]
[PlyCount "104"]
[White "ChenZhiyueDash"]
[Black "LacanrusDavid"]
[WhiteElo "1119"]
[BlackElo "1136"]
[Mode "WEB"]
[Result "1-0"]

1. e4 e5 2. Nf3 Nc6 3. Bc4 Nf6 4. Ng5 Bc5 5. O-O O-O 6. Nc3 h6 7. Nf3 d6 8. h3
Na5 9. Bb3 Nxb3 10. axb3 Re8 11. d3 d5 12. exd5 Nxd5 13. Re1 Nxc3 14. bxc3 Bd6
15. Qe2 Bd7 16. Be3 Bc6 17. Qd1 a6 18. c4 e4 19. dxe4 Bxe4 20. Bd2 Qd7 21. Bc3
Bxf3 22. Qxf3 c6 23. Re3 Re7 24. Rae1 Rae8 25. Rxe7 Rxe7 26. Rd1 Qc7 27. Qg4 Be5
28. Bxe5 Qxe5 29. Qf3 Qf6 30. Qxf6 gxf6 31. Kf1 b5 32. cxb5 cxb5 33. Rd6 Re6 34.
Rxe6 fxe6 35. Ke2 a5 36. c3 Kf7 37. c4 b4 38. c5 Ke7 39. Kd3 Kd7 40. Kc4 Kc6 41.
g4 f5 42. gxf5 exf5 43. f4 h5 44. h4 a4 45. bxa4 b3 46. Kxb3 Kxc5 47. Kc3 Kd5
48. a5 Kc5 49. Kd3 Kb5 50. Kd4 Kxa5 51. Ke5 Kb5 52. Kxf5 {LacanrusDavid a abandonné} 1-0

[Event "Champ FRA - Under 8"]
[Site "Europe Echecs"]
[Date "2020.07.06"]
[Round "8"]
[Time "17:18:10"]
[PlyCount "178"]
[White "MelkumyanDavid"]
[Black "LlariMarc"]
[WhiteElo "1240"]
[BlackElo "799"]
[Mode "WEB"]
[Result "1-0"]

1. d4 d5 2. c4 e6 3. Nc3 Nf6 4. cxd5 exd5 5. Bg5 c6 6. e3 Be7 7. Bd3 O-O 8. h3
h6 9. Bf4 Be6 10. Nf3 Nbd7 11. O-O Qb6 12. Qe2 a6 13. a3 Rad8 14. b4 Rfe8 15.
Na4 Qa7 16. Nc5 Nf8 17. Rfb1 N8h7 18. Nxe6 fxe6 19. Bg6 Rf8 20. Ne5 Nd7 21. Qg4
Rf6 22. Nxd7 Rxd7 23. Be5 Nf8 24. Bxf6 Bxf6 25. f4 b6 26. Rc1 Rc7 27. Rab1 c5
28. f5 exf5 29. Bxf5 c4 30. Be6+ Nxe6 31. Qxe6+ Kh8 32. Qxd5 b5 33. Rf1 Rd7 34.
Qc6 Re7 35. Rbe1 Bh4 36. Rf8+ Kh7 37. Ref1 Bg5 38. Qd5 Qd7 39. Qg8+ Kg6 40. d5
Kh5 41. Ra8 c3 42. Rxa6 Qe8 43. Qxe8+ Rxe8 44. Rc6 Bxe3+ 45. Kh2 Kg5 46. Rxc3
Bf4+ 47. Kh1 Rd8 48. Rc5 Bd6 49. Rxb5 Kg6 50. a4 Kh7 51. a5 Ra8 52. Rb6 Bc7 53.
Rc6 Bxa5 54. bxa5 Rxa5 55. d6 Rd5 56. Rf7 Kg6 57. Rfc7 Kf6 58. d7+ Ke7 59. Kh2
Rxd7 60. Rxd7+ Kxd7 61. Rc1 Ke7 62. Re1+ Kd7 63. Rd1+ Ke6 64. Re1+ Kf6 65. Re2
Kg6 66. Rd2 Kh7 67. Rd3 g6 68. g4 h5 69. gxh5 gxh5 70. Rd6 Kg7 71. h4 Kf7 72.
Kg3 Kg7 73. Rd5 Kf7 74. Kf4 Kg7 75. Rxh5 Kf7 76. Rg5 Ke7 77. h5 Kf6 78. h6 Kf7
79. h7 Kf6 80. h8=Q+ Ke6 81. Re5+ Kd6 82. Qd8+ Kc6 83. Ke4 Kb7 84. Rb5+ Kc6 85.
Qd5+ Kc7 86. Rc5+ Kb6 87. Qc6+ Ka7 88. Ra5+ Kb8 89. Ra8# {LlariMarc est échec et mat} 1-0

[Event "Champ FRA - Under 8"]
[Site "Europe Echecs"]
[Date "2020.07.06"]
[Round "8"]
[Time "17:18:10"]
[PlyCount "45"]
[White "LeblancCondeEv"]
[Black "LamorelleAlexe"]
[WhiteElo "1067"]
[BlackElo "1009"]
[Mode "WEB"]
[Result "0-1"]

1. e4 e5 2. Nf3 Nc6 3. Bc4 Bc5 4. Nc3 Nf6 5. d3 d6 6. O-O Bg4 7. Bd2 Nd4 8. h3
Nxf3+ 9. gxf3 Bxh3 10. Bg5 h6 11. Bxf6 gxf6 12. Re1 Rg8+ 13. Kh2 Qd7 14. Rg1
O-O-O 15. Qe2 f5 16. Kxh3 fxe4+ 17. Kh2 Qf5 18. fxe4 Qf4+ 19. Rg3 Bxf2 20. Rag1
Bxg1+ 21. Kxg1 Qxg3+ 22. Kf1 Qg1# {LeblancCondeEv est échec et mat} 0-1

[Event "Champ FRA - Under 8"]
[Site "Europe Echecs"]
[Date "2020.07.06"]
[Round "8"]
[Time "17:18:10"]
[PlyCount "121"]
[White "YastrebovDanie"]
[Black "AkyuzEnes"]
[WhiteElo "1390"]
[BlackElo "1092"]
[Mode "WEB"]
[Result "0-1"]

1. e4 e5 2. Nf3 Nc6 3. Bc4 Bc5 4. c3 Nf6 5. d4 exd4 6. cxd4 Bb4+ 7. Nc3 Nxe4 8.
O-O Bxc3 9. bxc3 d5 10. Bd3 O-O 11. c4 Nf6 12. cxd5 Qxd5 13. Ba3 Rd8 14. Bb2 Bg4
15. h3 Bxf3 16. Qxf3 Qxf3 17. gxf3 Nxd4 18. Kg2 Nxf3 19. Bxh7+ Nxh7 20. Kxf3 Rd2
21. Be5 c6 22. Rg1 g6 23. h4 Re8 24. Bf4 Rd3+ 25. Be3 Nf6 26. Rad1 Rxd1 27. Rxd1
Nd5 28. Bxa7 b6 29. Rb1 Ra8 30. Bxb6 Rb8 31. a4 Rxb6 32. Rxb6 Nxb6 33. a5 Nc8
34. a6 c5 35. a7 Nxa7 36. Ke4 Kg7 37. Kd5 Kf6 38. Kxc5 Kf5 39. Kb6 Kg4 40. Kxa7
Kxh4 41. Kb6 Kg4 42. Kc5 Kf3 43. Kd4 Kxf2 44. Ke5 f5 45. Kf4 Ke2 46. Kg3 g5 47.
Kg2 f4 48. Kh2 Kf2 49. Kh1 Kg3 50. Kg1 f3 51. Kh1 g4 52. Kg1 f2+ 53. Kf1 Kh2 54.
Kxf2 g3+ 55. Kf3 g2 56. Kg4 g1=Q+ 57. Kh5 Qg7 58. Kh4 Kg2 59. Kh5 Kf3 60. Kh4
Qh6# {YastrebovDanie est échec et mat} 0-1

[Event "Champ FRA - Under 8"]
[Site "Europe Echecs"]
[Date "2020.07.06"]
[Round "8"]
[Time "17:18:10"]
[PlyCount "100"]
[White "SamouelianSola"]
[Black "GongAlex"]
[WhiteElo "1349"]
[BlackElo "1062"]
[Mode "WEB"]
[Result "1-0"]

1. e4 e5 2. Nf3 Nc6 3. Bc4 Bc5 4. d3 Nf6 5. Nc3 d6 6. Bg5 h6 7. Bxf6 Qxf6 8. Nd5
Qd8 9. c3 Na5 10. Bb3 c6 11. Ne3 Nxb3 12. axb3 Qb6 13. d4 exd4 14. Nc4 Qc7 15.
Nxd4 O-O 16. Qd3 d5 17. exd5 cxd5 18. Ne3 Qb6 19. Nxd5 Re8+ 20. Kd2 Qd6 21. Ne3
Rd8 22. Rhd1 Bxd4 23. Qxd4 Qe7 24. Nd5 Qg5+ 25. Kc2 Be6 26. c4 Rac8 27. Kb1 Qxg2
28. Rxa7 Qg6+ 29. Ka2 Ra8 30. Ne7+ Kh7 31. Nxg6 Rxd4 32. Nf8+ Kg8 33. Rxa8 Rxd1
34. Nxe6+ Kh7 35. Nc5 Rd2 36. Nxb7 Rxf2 37. c5 Rc2 38. Kb1 Rxh2 39. c6 Rh1+ 40.
Kc2 Rh2+ 41. Kc3 Rh3+ 42. Kb4 Rh1 43. c7 Rc1 44. Nc5 f5 45. Rh8+ Kxh8 46. c8=Q+
Kh7 47. Qxf5+ Kg8 48. Ne6 Rh1 49. Qf8+ Kh7 50. Qxg7# {GongAlex est échec et mat} 1-0

[Event "Champ FRA - Under 8"]
[Site "Europe Echecs"]
[Date "2020.07.06"]
[Round "8"]
[Time "17:18:10"]
[PlyCount "90"]
[White "CharrierShayan"]
[Black "TuMathias"]
[WhiteElo "1260"]
[BlackElo "1051"]
[Mode "WEB"]
[Result "1/2-1/2"]

1. d4 d5 2. Nf3 Nc6 3. Bf4 Nf6 4. e3 Bf5 5. Bd3 Bg6 6. c3 e6 7. Qe2 Bd6 8. Bg3
O-O 9. Nbd2 Qe7 10. Ne5 Bxe5 11. dxe5 Ne4 12. f3 Nxd2 13. Qxd2 f6 14. Bxg6 hxg6
15. f4 fxe5 16. fxe5 Qg5 17. O-O-O Nxe5 18. Bxe5 Qxe5 19. Qd4 Qg5 20. g3 b6 21.
Rhg1 c5 22. Qd2 Rf6 23. h4 Qh6 24. Rde1 Raf8 25. Qc2 d4 26. cxd4 cxd4 27. Qd3
Rc8+ 28. Kb1 dxe3 29. Rxe3 Rff8 30. Rxe6 Rcd8 31. Qxg6 Qxg6+ 32. Rxg6 Rf2 33.
Rc6 Rdd2 34. Rc8+ Kh7 35. b3 Rb2+ 36. Ka1 Rxa2+ 37. Kb1 Rfb2+ 38. Kc1 Rxb3 39.
Rd1 Rab2 40. Rcd8 Rb1+ 41. Kc2 R1b2+ 42. Kc1 Rb1+ 43. Kc2 R3b2+ 44. Kc3 Rb3+ 45.
Kc2 {Nulle par répétition} 1/2-1/2

[Event "Champ FRA - Under 8"]
[Site "Europe Echecs"]
[Date "2020.07.06"]
[Round "8"]
[Time "17:18:10"]
[PlyCount "124"]
[White "FonsatEthan"]
[Black "ToNamLong"]
[WhiteElo "1130"]
[BlackElo "1260"]
[Mode "WEB"]
[Result "1/2-1/2"]

1. e4 d6 2. Bc4 Nf6 3. Nc3 e5 4. Nf3 h6 5. O-O Nbd7 6. d4 c6 7. dxe5 dxe5 8. g3
Qc7 9. b3 Be7 10. Bb2 g5 11. Ne2 Nxe4 12. Bxe5 Nxe5 13. Nxe5 Qxe5 14. Qe1 Bh3
15. f4 Bc5+ 16. Kh1 Bxf1 17. fxe5 Nf2+ 18. Kg1 Nd3+ 19. Kxf1 Nxe1 20. Kxe1 O-O-O
21. Bxf7 Bd4 22. Rd1 Bxe5 23. Be6+ Kc7 24. Rb1 Rd6 25. Bg4 Rhd8 26. h4 Re8 27.
Kf1 Red8 28. hxg5 hxg5 29. Re1 Rd1 30. Ng1 Bxg3 31. Rxd1 Rxd1+ 32. Kg2 Rd2+ 33.
Kxg3 Rxc2 34. a4 Rc3+ 35. Kf2 Rxb3 36. Nf3 Rb4 37. Kg3 Rxa4 38. Nxg5 b5 39. Bd1
Rb4 40. Ne6+ Kb6 41. Nf4 a5 42. Nd3 Rd4 43. Be2 a4 44. Kf3 a3 45. Nc1 c5 46. Ke3
b4 47. Bh5 Rd1 48. Bxd1 Kb5 49. Kd3 c4+ 50. Kc2 b3+ 51. Kc3 b2 52. Kc2 bxc1=Q+
53. Kxc1 Kb4 54. Be2 c3 55. Kb1 Kb3 56. Bd3 a2+ 57. Ka1 Ka3 58. Bh7 Kb3 59. Bg8+
Kc2 60. Kxa2 Kd2 61. Bh7 c2 62. Bxc2 {Aucun joueur n'a le mat&eacute;riel pour mater} 1/2-1/2

[Event "Champ FRA - Under 8"]
[Site "Europe Echecs"]
[Date "2020.07.06"]
[Round "8"]
[Time "17:18:10"]
[PlyCount "126"]
[White "GurevichMichel"]
[Black "ButotQuentin"]
[WhiteElo "1107"]
[BlackElo "1250"]
[Mode "WEB"]
[Result "1/2-1/2"]

1. e4 e5 2. Nf3 Nc6 3. Bc4 h6 4. O-O Nf6 5. Nc3 Bc5 6. d3 d6 7. Be3 Nd4 8. Bxd4
Bxd4 9. Nxd4 exd4 10. Nd5 c6 11. Nf4 O-O 12. Ne2 Bg4 13. f3 Be6 14. Nxd4 d5 15.
exd5 cxd5 16. Bb3 Qb6 17. c3 Bf5 18. Kh1 Bg6 19. f4 Qa6 20. f5 Bh5 21. Qd2 Rae8
22. Rae1 Ng4 23. f6 Nxf6 24. Nf5 Bg6 25. Nxh6+ gxh6 26. Qxh6 Qxd3 27. Rd1 Qe2
28. h3 Nh7 29. Rf4 Re5 30. Rh4 Rh5 31. Rxh5 Qxh5 32. Qxh5 Bxh5 33. Rxd5 Nf6 34.
Rg5+ Bg6 35. h4 Kh8 36. h5 Nxh5 37. Rc5 Ng3+ 38. Kg1 Ne2+ 39. Kf2 Nf4 40. Rc7
Rd8 41. Rxb7 Rd2+ 42. Ke3 Rxg2 43. Kxf4 a5 44. Bxf7 Bxf7 45. Rb8+ Kg7 46. Ra8
Rxb2 47. Rxa5 Rc2 48. a4 Rxc3 49. Rg5+ Kf8 50. Kf5 Rc5+ 51. Kf6 Rc6+ 52. Kf5
Be6+ 53. Ke5 Rc5+ 54. Kf6 Bd5 55. Rf5 Rc6+ 56. Ke5+ Ke7 57. Kxd5 Ra6 58. Re5+
Kd7 59. Kc5 Rxa4 60. Rd5+ Kc7 61. Rd6 Ra5+ 62. Kb4 Kxd6 63. Kxa5 {Aucun joueur n'a le mat&eacute;riel pour mater} 1/2-1/2

[Event "Champ FRA - Under 8"]
[Site "Europe Echecs"]
[Date "2020.07.06"]
[Round "8"]
[Time "17:18:10"]
[PlyCount "89"]
[White "BriquetTom"]
[Black "TavaresRibeiro"]
[WhiteElo "1099"]
[BlackElo "1225"]
[Mode "WEB"]
[Result "1/2-1/2"]

1. e4 c5 2. Nf3 Nc6 3. d4 cxd4 4. Nxd4 Nf6 5. Nc3 g6 6. Be3 Bg7 7. Bc4 O-O 8.
Qd3 e6 9. Qd2 Nxe4 10. Nxe4 d5 11. Bxd5 Qxd5 12. Nxc6 bxc6 13. Qxd5 cxd5 14. Nd6
Be5 15. Nxc8 Rfxc8 16. c3 Rxc3 17. bxc3 Bxc3+ 18. Ke2 Bxa1 19. Rxa1 a6 20. Rb1
Kg7 21. Bd4+ Kg8 22. Be5 Rc8 23. Rb8 Rxb8 24. Bxb8 Kg7 25. Be5+ f6 26. Bb2 Kf7
27. f4 f5 28. h3 Ke7 29. g4 Kd6 30. gxf5 gxf5 31. Kd3 Kc5 32. Kc3 h5 33. Kb3 d4
34. Ba3+ Kd5 35. Kc2 Ke4 36. Bd6 Ke3 37. Kd1 Kd3 38. Be5 Ke3 39. a4 d3 40. a5 d2
41. Bd6 Kd3 42. Be5 Ke3 43. Bd6 Kd3 44. Be5 Ke3 {Nulle par répétition} 1/2-1/2